000
00278nam a2200121Ia 4500
005
20251222144839.0
008
251222s9999||||xx |||||||||||||| ||spa||
020
_a
84-361-0196-0
082
_a
808.838.3/H58
100
_a
"Hirschfeld, Burt"
245
0
_a
Secretos
942
_c
LIB
999
_c
21141
_d
21141